000 00370nam a2200133Ia 4500
008 220204s9999 xx 000 0 und d
082 _a581.2
_bHOL
245 0 _aPlant pathology: Problems and progresses 1908-1958
260 _aWisconsin
_bUniversity
_c1959
650 _aDisease resistance mechanism
650 _aPlant Pathology
700 _aHOLTON, C S
942 _cBK
999 _c19342
_d19342